|
|
|
|
| LEADER |
00000nab a2200000 a 4500 |
| 001 |
vtls000671347 |
| 003 |
SK-MaSNL |
| 005 |
20260304003046.0 |
| 008 |
160324c1998 xo 0 slo |
| 015 |
|
|
|a SNBRB1998/10-29007
|
| 035 |
|
|
|a CLN000023524
|
| 040 |
|
|
|a SNKBUCL
|b slo
|c SNKBUCL
|e AACR2
|
| 041 |
0 |
|
|a slo
|
| 044 |
|
|
|a xo
|c SK
|
| 080 |
|
|
|a 262.12(437.6):262.12(437.1/.2):061.3
|2 1997
|
| 080 |
|
|
|a 282:061.25
|2 1997
|
| 110 |
2 |
|
|a Katolícka cirkev.
|b Konferencia biskupov Slovenska.
|b Tlačová kancelária
|4 aut
|9 238475
|
| 245 |
0 |
0 |
|a Zasadnutie KBS a ČBK
|
| 300 |
|
|
|b Fotogr.
|
| 611 |
2 |
7 |
|a Katolícka cirkev.
|b Konferencia biskupov Slovenska
|2 SNK
|9 1281160
|
| 648 |
|
7 |
|a 13.-15.1998
|2 SNK
|9 1281161
|
| 648 |
|
7 |
|a 1998
|2 SNK
|9 282348
|
| 650 |
0 |
7 |
|a zasadnutia
|2 SNKPH
|9 372516
|
| 655 |
|
7 |
|a články z novín a časopisov
|2 snkbucl
|9 267496
|
| 773 |
0 |
|
|x 0139-8512
|t Katolícke noviny
|g Roč. 113, č. 43 (1998), s. 1-2
|
| 850 |
|
|
|a Slovenská národná knižnica v Martine
|
| 852 |
|
|
|a SNK
|b KIS3GCP
|
| 958 |
|
|
|a SK
|
| 958 |
|
|
|a CZ
|
| 958 |
|
|
|a RBX
|
| 999 |
|
|
|c 2545220
|d 2547150
|